Rusko pôjde svojou vlastnou cestou

Dokončenie posolstva prezidenta V. Putina z apríla 2005. Rusko v postsovietskej ére. Budovanie občianskej spoločnosti. Demografické problémy. Viac peňazí štátnym zamestnancom. Morálka a kultúra. Víťazstvo v druhej svetovej vojne ako záväzok pre občanov.

Salvato in:
Dettagli Bibliografici
Natura: Capitolo di libro
Lingua:slovacco
Soggetti:
Tags: Aggiungi Tag
Nessun Tag, puoi essere il primo ad aggiungerne!!

MARC

LEADER 00000naa$a2200000$$$4500
001 0029389
005 20231016084033.2
041 0 |a slo 
044 |a SK 
245 1 0 |a Rusko pôjde svojou vlastnou cestou 
520 |a Dokončenie posolstva prezidenta V. Putina z apríla 2005. Rusko v postsovietskej ére. Budovanie občianskej spoločnosti. Demografické problémy. Viac peňazí štátnym zamestnancom. Morálka a kultúra. Víťazstvo v druhej svetovej vojne ako záväzok pre občanov. 
610 2 0 |a spolupráca medzinárodná 
610 2 0 |a politika medzinárodná 
610 2 0 |a spoločnosť občianska 
610 2 0 |a demografia 
610 2 0 |a demografia sociálna 
610 2 0 |a zamestnanci štátni 
610 2 0 |a mzdy 
610 2 0 |a morálka 
610 2 0 |a kultúra 
610 2 0 |a Rusko